Products and Markets

Uložené v:
Podrobná bibliografia
Hlavný autor: Reynolds, William H.
Médium: Kniha
Jazyk:English
Vydavateľské údaje: New York Appleton-Century-Crofts 1969
Vydanie:1. ed.
Predmet:
Tagy: Pridať tag
Žiadne tagy, Buďte prvý, kto otaguje tento záznam!

MARC

LEADER 00000nam a2200000 4500
001 c001031
005 20230227132757.5
041 0 |a eng 
044 |a US 
245 1 0 |a Products and Markets  |c William H. Reynolds 
250 |a 1. ed. 
264 1 |a New York  |b Appleton-Century-Crofts  |c 1969 
300 |a 244 s. 
610 2 0 |a výrobky nové 
610 2 0 |a trh 
610 2 0 |a inovácia 
610 2 0 |a tvorivosť vedecká 
610 2 0 |a dizajn 
610 2 0 |a imidž 
610 2 0 |a analýza trhu 
610 2 0 |a marketing 
610 2 0 |a podnik 
610 2 0 |a stratégia podniková 
100 1 |a Reynolds, William H.